000 00521nam a2200169 4500
008 240516b |||||||| |||| 00| 0 eng d
020 _a9781734982275
020 _a 9781734982213
020 _a9781735287485
050 _aPS3552 .G58 2020
100 _aGitaa Moraa
245 _aLet's talk about this /
_cMoraa Gitaa
260 _a Eldama Ravine, Kenya :
_bWorlds Unknown Publishers,
_c2020.
300 _a 204 pages ;
_c22 cm
650 _aFiction
_xNovel
942 _2lcc
_cBOOK
_hPS3552 .G58 2020
999 _c31980
_d31980